000 01152cam a22003257a 4500
003 CHAP
005 20220329142656.0
008 020920d2002 mx abd r 00110 spa d
010 _a86351
011 _a87323
035 _a97866
040 _cCHAP
090 _aTesis
100 0 0 _aCastillo Juárez, Francisco.
_920153
245 1 0 _aProducción de abono orgánico en San Carlos Alajuela, Costa Rica
_c/por Francisco Castillo Juárez
260 _aChapingo, Méx. :
_bEl autor,
_c2002
300 _a82 h. :
_bilus. ; gráfs. ; mapa ; cuadros
502 _aTesis (Ing. Agr. Esp. en Fitotecnia) -- UACH. Departamento de Fitotecnia
590 _aALEPH
_b10
_c20130110
_lUCH01
_h1449
590 _aBATCH-UPD
_b10
_c20130110
_lUCH01
_h1421
590 _aBATCH-UPD
_b10
_c20130410
_lUCH01
_h0903
590 _aBATCH-UPD
_b10
_c20130913
_lUCH01
_h1829
590 _aCONVERSION
_b10
_c20130109
_lUCH01
_h1348
650 1 4 _aAbonos.
_9235
901 _aBK
905 _aMarco A. Mendoza T.
942 _cFOLL
949 _aTesis
_bBC
_cTES
_d33724000870473
_eTS2
_fc.2
_gDonaciØn
_h40032
_i97866
_si
949 _aTesis
_bBC
_cTES
_d978661
_eTS1
_gDonaciØn
_h40031
_i97866
_sb
999 _c86351
_d86351